Čo je väčšou hrozbou pre centrálne banky - vysoká inflácia či nízky ekonomický rast?

Základné charakteristiky vývoja svetovej ekonomiky v rokoch 2007-2008. Zámery centrálnych bánk v ich menovej politike. Reakcie centrálnych bánk na zmeny v inflácii a ekonomickom raste.

Gespeichert in:
Bibliographische Detailangaben
1. Verfasser: Kotlebová, Jana, 1969-
Format: Buchkapitel
Sprache:Slowakisch
Schlagworte:
Tags: Tag hinzufügen
Keine Tags, Fügen Sie das erste Tag hinzu!

MARC

LEADER 00000naa$a2200000$$$4500
001 0084798
005 20240502071948.2
041 0 |a slo 
044 |a SK 
245 1 0 |a Čo je väčšou hrozbou pre centrálne banky - vysoká inflácia či nízky ekonomický rast?  |c Jana Kotlebová 
520 |a Základné charakteristiky vývoja svetovej ekonomiky v rokoch 2007-2008. Zámery centrálnych bánk v ich menovej politike. Reakcie centrálnych bánk na zmeny v inflácii a ekonomickom raste. 
610 2 0 |a bankovníctvo 
610 2 0 |a banky centrálne 
610 2 0 |a trh finančný 
610 2 0 |a inflácia 
610 2 0 |a kríza finančná 
610 2 0 |a rast hospodársky 
610 2 0 |a krajiny vyspelé 
610 2 0 |a svet 
100 1 |a Kotlebová, Jana, 1969-